00441 2200181 4500001002100000005001500021008004100036035001900077041000700096082001000103090001600113100001600129245002300145250001000168260004000178300002900218650001200247INLIS00000000001480120241224114820241224||||||||| | ||| |||| || |  0010-1224014801 aid0 a641.1 a641.1 TAN w0 aanthony tan00awanita dan nutrisi acet.3 aJakartabPt Bumi Aksara Groupc2006 a87 hlm.;14,5 cm x20,6 cm 0aNutrisi